000 00753nam a2200193 i 4500
001 40555
003 ES-MaACL
005 20251123063300.0
007 t|
008 030306s1907 sp ||||1| spa d
100 _aCarreras y González, Mariano
_9227072
245 1 0 _aCurso de geografía y estadística económico industrial y comercial /
_cpor Mariano Carreras y González ; con un prólogo de José Piernes Hurtado ; séptima edición refundida por Leopoldo González Revilla.
260 _aMadrid :
_bSucesores de Hernando,
_c1907.
300 _a452 p. ;
_c22 cm.
700 1 _aGonzález Revilla, Leopoldo,
_d1858-1915
_958905
700 1 _aPiernes Hurtado, José María.
_991946
852 _aES-MaACL
_jB-12733
999 _c40555
_d40555